Score 0/11 Timer 03:00
0 Plays Today
% Correct
Zig
97.5%
Zimbabwe
92.9%
Zhu
84.7%
Zoobilee
77.9%
Zinedine
74.8%
Zamioculcas
57.2%
Zephyr
56.1%
Zachary
54.4%
Zhang
40.5%
Zur
37.9%
Zug
30.3%
Remove Ads.
Support Sporcle.
Get the best of Sporcle when you Go Orange. This ad-free experience offers more features, more stats, and more fun while also helping to support Sporcle. Thank you for becoming a member.

You're not logged in!

Compare scores with friends on all Sporcle quizzes.
OR
Log In

Show Comments

Extras

Top Quizzes Today


Score Distribution

Your Account Isn't Verified!

In order to create a playlist on Sporcle, you need to verify the email address you used during registration. Go to your Sporcle Settings to finish the process.

Report this User

Report this user for behavior that violates our Community Guidelines.

Details: